000 00516nam a2200193Ia 4500
008 151121s9999||||xx |||||||||||||| ||und||
082 _a824/MAC
082 _bHNW-5592
100 _a"Macaulay, Scott & Thackeray"
245 _aEssays On Goldsmith
260 _b"Oxford, At The Clarendon Press"
260 _c--
300 _a200
600 _a"Macaulay, Scott & Thackeray"
630 _aEssays On Goldsmith
700 _a"Macaulay, Scott & Thackeray"
730 _aEssays On Goldsmith
942 _cBOOK
999 _c1213355
_d1213352